| 000 | 00516nmm a2200169Ia 4500 | ||
|---|---|---|---|
| 008 | 251105s9999||||xx |||||||||||||||||und|| | ||
| 020 | _a9788483931677 | ||
| 041 | _aspa | ||
| 100 | _aFernández Panadero, Javier | ||
| 245 | 0 | _aExperimentos para entender el mundo | |
| 264 |
_a[Madrid, España] : _bEditorial Páginas de Espuma, _c2012 |
||
| 300 | _a224 páginas | ||
| 490 | _aVoces. Ensayo | ||
| 650 | _aTeen & Young Adult Non Fiction | ||
| 856 | _uhttps://public.digitaliapublishing.com/a/44109 | ||
| 942 | _cCF | ||
| 999 |
_c86379 _d86379 |
||